000 01440nam a2200337 i 4500
003 EG-GICUC
005 20260513183533.0
008 260513t1996 ua ||||fr|||| 000 0 ara d
017 _a1996/2876
020 _a977-200-140-3
040 _a EG-GICUC
_bara
_c EG-GICUC
_d EG-GICUC
_erda
041 0 _aara
082 0 4 _221
_a343.5
_bع ب . ق
092 0 4 _221
099 _aLaw1 10 343.5 ع ب . ق [1996]
100 0 _aعبدالرحيم صدقى.
_eمؤلف.
245 1 2 _aالقانون الجنائي الدولى نحو تنظيم جنائي عالمي :
_b( دراسة في المفهوم - الاختصاص - الجريمة - العقوبة والقضاء ) /
_cعبدالرحيم صدقى.
264 1 _aالقاهرة :
_bمكتبة النهضة العربية،
_c[1996].
300 _a106 صفحة، صفحات غير مرمقة، مختلف الترقيم ؛
_c24 سم.
_bإيضاحيات، صور، مثيليات ؛
336 _2rda content
_atext
337 _2rda media
_aComputer
338 _2rda carrier
_aOnline Resource
504 _aيشتمل على إرجاعات ببليوجرافية.
504 _aببليوجرافيا: صفحات103-105.
546 _aالنص باللغة العربية
650 1 _aالقانون الجنائي الدولي
_2qrmak
651 1 _2qrmak
856 4 0 _uhttps://fll.law.cu.edu.eg/fulltext/bks/B10-12944.pdf
905 _a62
942 _2ddc
_n0
_cBK
_e21
999 _c76817
_d76817